Movies Quiz

Random Movies or Role Quiz

Movie by Four Character First Names Quiz Stats

Quiz Updated Mar 30, 2016

Challenge
Share
Tweet
Embed
Score 0/24 Timer 05:00
1 Play Today
% Correct
Star Wars
96.1%
Frozen
94.5%
Titanic
90.5%
Twilight
89.7%
Mean Girls
86.5%
Grease
86.4%
Monsters, Inc.
82.1%
Despicable Me 2
79.2%
The Matrix
78.7%
Pirates of the Caribbean: The Curse of the Black Pearl
76.5%
The Hangover
73.8%
Pulp Fiction
65.9%
% Correct
American Pie
62.8%
Die Hard
62.5%
The Shawshank Redemption
60.9%
Ocean's Eleven
56.4%
Braveheart
55.8%
Zombieland
55.1%
Jurassic Park
51.9%
Gangs of New York
48.8%
Scream
46.2%
Armageddon
45.1%
Stand by Me
44%
Aliens
43.7%

You're not logged in!

Compare scores with friends on all Sporcle quizzes.
Join for Free
OR
Log In

You Might Also Like...

Show Comments

Extras

Top Quizzes Today


Score Distribution

Your Account Isn't Verified!

In order to create a playlist on Sporcle, you need to verify the email address you used during registration. Go to your Sporcle Settings to finish the process.

Report this User

Report this user for behavior that violates our Community Guidelines.

Details: